ICカードが使える駅サドンデス - Statistics

General Stats
  • This quiz has been taken 384 times
  • The average score is 3 of 20
Answers on the Grid
Answers color-coded by a green-red scale on the quiz's grid according to % correct below.
七飯
蟹田
新花巻
男鹿
女川
左沢
矢吹
常陸太田
烏山
大前
清里
姨捨
弥彦
西富士宮
新城
美濃赤坂
氷見
和倉温泉
小浜
木ノ本
東舞鶴
佐用
新宮
境港
西出雲
津山
三次
山口(山口県)
琴平
松山(愛媛県)
徳島
高知
田川後藤寺
肥前鹿島
ハウステンボス
三角
佐伯
都城
川内(鹿児島県)
 
Answer Stats
Answer % Correct
新花巻
37%
七飯
27%
ハウステンボス
16%
西富士宮
15%
男鹿
13%
姨捨
13%
東舞鶴
13%
新宮
13%
和倉温泉
12%
山口(山口県)
12%
琴平
12%
川内(鹿児島県)
12%
矢吹
9%
美濃赤坂
9%
木ノ本
9%
境港
9%
津山
9%
弥彦
8%
新城
7%
清里
5%
No matching quizzes found
Score Distribution
Percent of People with Each Score
Percentile by Number Answered
Your Score History
You have not taken this quiz